| 000 | 00545nam a2200181Ia 4500 | ||
|---|---|---|---|
| 008 | 151018s9999 xx 000 0 und d | ||
| 082 |
_bRBASDV17992 _a891.463 |
||
| 100 | _aजयवंत दळवी | ||
| 245 | _aमहासागर | ||
| 250 | _b1 | ||
| 260 |
_bगुलमोहर प्रकाशन सातारा _c1980 |
||
| 300 | _a70 | ||
| 600 | _aजयवंत दळवी | ||
| 630 | _aमहासागर | ||
| 700 | _aजयवंत दळवी | ||
| 730 | _aमहासागर | ||
| 942 | _cBOOK | ||
| 999 |
_c1018663 _d1018660 |
||